|
|
|
|
| LEADER |
02377nam a2200673 a 4500 |
| 001 |
nkc20061697177 |
| 003 |
CZ PrNK |
| 005 |
20130423125311.0 |
| 007 |
ta |
| 008 |
071005s2006 xr a e f 001 1dcze |
| 015 |
|
|
|a cnb001697177
|
| 020 |
|
|
|a 80-7281-246-7
|q (váz.)
|
| 035 |
|
|
|a (OCoLC)190778222
|
| 040 |
|
|
|a ABA001
|b cze
|
| 041 |
1 |
|
|a cze
|h eng
|
| 072 |
|
7 |
|a 133
|x Ezoterismus. Okultismus
|2 Konspekt
|9 17
|
| 080 |
|
|
|a 27-236.5
|2 MRF
|
| 080 |
|
|
|a 27
|2 MRF
|
| 080 |
|
|
|a 255.85
|2 MRF
|
| 080 |
|
|
|a 27-874
|2 MRF
|
| 080 |
|
|
|a 133
|2 MRF
|
| 080 |
|
|
|a 001.94
|2 MRF
|
| 080 |
|
|
|a 27-788.435
|2 MRF
|
| 080 |
|
|
|a 061.25
|2 MRF
|
| 080 |
|
|
|a (0.062)
|2 MRF
|
| 100 |
1 |
|
|a Wallace-Murphy, Tim,
|d 1924-
|7 xx0015483
|4 aut
|
| 245 |
1 |
0 |
|a Strážci pravdy /
|c Tim Wallace Murphy a Marilyn Hopkins ; [z anglického originálu ... přeložila Jana Žlábková]
|
| 260 |
|
|
|a Praha :
|b Eminent,
|c c2006
|
| 300 |
|
|
|a 372 s. :
|b il. ;
|c 21 cm
|
| 504 |
|
|
|a Obsahuje bibliografii, bibliografické odkazy a rejstřík
|
| 580 |
|
|
|a Pokračování knihy Rex Deus
|
| 600 |
0 |
7 |
|a Ježíš Kristus
|7 ola2002103454
|2 czenas
|
| 600 |
0 |
9 |
|a Jesus Christ
|2 eczenas
|
| 650 |
0 |
7 |
|a biblické postavy
|7 ph118857
|x esoterické pojetí
|2 czenas
|
| 650 |
0 |
7 |
|a biblické události
|7 ph138437
|x esoterické pojetí
|2 czenas
|
| 650 |
0 |
7 |
|a křesťanství
|7 ph115073
|x esoterické pojetí
|2 czenas
|
| 650 |
0 |
7 |
|a gnóze
|7 ph120577
|2 czenas
|
| 650 |
0 |
7 |
|a esoterismus
|7 ph114484
|2 czenas
|
| 650 |
0 |
7 |
|a záhady
|7 ph127721
|2 czenas
|
| 650 |
0 |
7 |
|a templáři
|7 ph126532
|2 czenas
|
| 650 |
0 |
7 |
|a tajné společnosti
|7 ph116393
|2 czenas
|
| 650 |
0 |
9 |
|a Bible persons
|x esoteric approach
|2 eczenas
|
| 650 |
0 |
9 |
|a Biblical events
|x esoteric approach
|2 eczenas
|
| 650 |
0 |
9 |
|a Christianity
|x esoteric approach
|2 eczenas
|
| 650 |
0 |
9 |
|a gnosticism
|2 eczenas
|
| 650 |
0 |
9 |
|a esoterism
|2 eczenas
|
| 650 |
0 |
9 |
|a mysteries
|2 eczenas
|
| 650 |
0 |
9 |
|a Templars
|2 eczenas
|
| 650 |
0 |
9 |
|a secret societies
|2 eczenas
|
| 655 |
|
7 |
|a populárně-naučné publikace
|7 fd131864
|2 czenas
|
| 655 |
|
9 |
|a popular works
|2 eczenas
|
| 700 |
1 |
|
|a Hopkins, Marilyn,
|d 1950-
|7 jx20070521016
|4 aut
|
| 765 |
0 |
|
|t Custodians of truth
|9 Česky
|
| 787 |
0 |
|
|t Rex Deus
|
| 910 |
2 |
|
|a BOA001
|b 2-1203.274
|
| 990 |
|
|
|a BK
|
| 995 |
|
|
|a 01
|
| 991 |
|
|
|b 200804
|c NOV
|
| 996 |
6 |
|
|b 2610341584
|c 2-1203.274
|l MZK
|r Sklad / do 1 hodiny
|n 2
|p p.v.
|w 000894944
|u 000010
|a 1
|e BOA001
|j MZK50
|s P
|